000 00484nam a2200169Ia 4500
999 _c21359
_d21359
003 OSt
005 20200602155355.0
008 190216s9999||||xx |||||||||||||| ||und||
020 _a9788125036876
040 _coclc
082 _a909
_bDEV/H
100 _aDev, Arjun
_92326
245 0 _aHistory Of The World /
_cArjun Dev ; Indira Arjun Dev
260 _bOrient Black Swans,
_c2009.
_aHyderbad:
300 _a275p
942 _cBK
_2ddc
_h909
_iDEV/H
_k909
_mDEV/H